000 00991nam a22002175i 4500
001 153624
003 ES-MaACL
005 20250808084936.0
008 990927m18421843sp l |||| | spa d
040 _aCCPB | B
_bspa
_cCCPB | B
100 0 _aElías, José Antonio.
_946964
245 1 0 _aManual de Derecho Civil vigente en Cataluña, ó sea resúmen de... disposiciones del Derecho Real posteriores al decreto llamado de Nueva planta y de las anteriores así del Derecho municipal, como del canónico y romano aplicables á nuestras costumbres /
_cPor D.J.A.E. y D.E. de P.
260 _aBarcelona :
_b[s.n.],
_c1842-1843 (
_fImprenta del Constitucional)
300 _a2 v. (317 p. , [4] h. pleg. ; 383 p. , [4] h. pleg.) ;
_c15 cm.
504 _aÍndice (vol. 2)
510 4 _aREBIUN, 29/09/05
650 0 4 _aDerecho civil-
_zEspaña
_911659
700 0 _aFerrater, Esteban de.
_950336
852 _aES-MaACL
_jD-482-83
_z-- Enc. pasta española
999 _c153624
_d153624